Music Quiz

Random Music or Kpop Quiz

Match the Kpop group to their least popular member Quiz Stats

 Plays Quiz not verified by Sporcle

Score 0/50 Timer 10:00
0 Plays Today
% Correct
RM
91.2%
Jisoo
91.2%
Yeri
88.7%
Lay
88.4%
Youngjae
88.4%
Shownu
87.7%
Jihyo
84.5%
Wheein
83.8%
Woojin
82.7%
JinJin
82%
Hendery
81.3%
Onew
80.3%
Peniel
78.9%
Sulli
77.8%
Aron
77.5%
DK
77.1%
Chaeryeong
76.1%
Sungjin
74.6%
Shuhua
73.9%
Hyerin
72.9%
B-Bomb
72.9%
Hongbin
72.2%
Kangin
71.8%
Yuju
71.1%
Seungkwan
69.7%
% Correct
Namjoo
66.2%
Vivi
64.4%
Jun.K
63%
Shinwon
62%
Seunghee
62%
Yunho
59.9%
CNU
59.5%
Taehyun
59.2%
Sooyoung
57.4%
Yuri
56.3%
Taehyun
56.3%
Donghun
56%
Jaeyoon
53.5%
Sei
51.8%
Changjo
48.9%
Jonghyun
47.9%
Sangyeon
47.9%
Mirae
43%
Hajoon
43%
Handong
41.2%
Soobin
39.8%
Jinhoo
37%
Hanse
35.9%
Youkyoung
35.6%
Seoyeon
35.2%

You're not logged in!

Compare scores with friends on all Sporcle quizzes.
OR
Log In

Show Comments

Extras

Top Quizzes Today


Score Distribution

Your Account Isn't Verified!

In order to create a playlist on Sporcle, you need to verify the email address you used during registration. Go to your Sporcle Settings to finish the process.

Report this User

Report this user for behavior that violates our Community Guidelines.

Details: